| 000 | 00557cam a2200229 4500 | ||
|---|---|---|---|
| 001 | B3284 | ||
| 008 | 090401t1990 xxu||||| |||| 00| 0 eng d | ||
| 035 | _a(Sirsi) u55091 | ||
| 041 | _aeng | ||
| 050 | _a333.3370942733 | ||
| 110 |
_aChesterton _92357 |
||
| 245 | _aManchester business space review 1990/91 | ||
| 260 |
_aLondon _bChesterton _c1990 |
||
| 300 | _a28p. : ill. ; 30cm. | ||
| 350 | _a0 | ||
| 650 | _aINDUSTRIAL PROPERTY | ||
| 650 | _aOCCUPANCY COSTS | ||
| 650 | _aOFFICES | ||
| 650 | _aWAREHOUSES | ||
| 942 | _n0 | ||
| 948 | _c04/03/1997 | ||
| 999 |
_c93557 _d93557 |
||